000 00221 a2200097 4500
001 779
100 _aWalston,J.A
245 _aTransitor circuit design services text book
260 _a
_bMcgrawhill
_c
090 _c372
_d372
942 _aNUST-CAE
_cM
_c29956
999 _c235852
_d235852